José Sanchis Sinisterra, l'espai fronterer / Santiago Fondevila
Descripción Física:
171 p. : il., negre i col. ; 27'5 cm
Colección:
Premis d'Honor; 1
Materias:
Sanchis Sinisterra, José, -- 1940-
MARC
| LEADER | 00000nam a2200000Ia 4500 | ||
|---|---|---|---|
| 001 | 12130 | ||
| 008 | 160829s1998 xx 000 0 cat d | ||
| 080 | |a B-1-61 | ||
| 100 | |a Fondevila, Santiago |9 20197 | ||
| 245 | |a José Sanchis Sinisterra, l'espai fronterer / Santiago Fondevila | ||
| 260 | |a Barcelona : |b Institut del Teatre. Diputació de Barcelona, |c 1998 | ||
| 300 | |a 171 p. : |b il., negre i col. ; |c 27'5 cm | ||
| 490 | |a Premis d'Honor; 1 | ||
| 590 | |a Premi d'honor de l'Institut del Teatre 1996 en la categoria d'art dramàticvbcrlfTextos en català i castellà | ||
| 600 | 0 | |a Sanchis Sinisterra, José, |d 1940- |9 35241 | |
| 710 | 1 | |a Institut del Teatre (Barcelona, Catalunya) |9 52662 | |
| 901 | |a Arxiu | ||
| 942 | |n 1 | ||
| 952 | |0 0 |1 0 |4 0 |6 B161 |7 1 |9 41486 |a Arxiu |b Arxiu |d 2016-12-01 |l 0 |o B-1-61 |p 12130 |r 2016-12-01 00:00:00 |w 2016-12-01 |y ARXIU | ||
| 999 | |c 43294 |d 43294 | ||